[Event "Schleswig Holstein-ch Seniors"]
[Site "Leck"]
[Date "2014.04.13"]
[Round "2"]
[White "Pahrmann, Rene"]
[Black "Eckhoff, Manfred"]
[Result "1/2-1/2"]
[WhiteElo "1498"]
[BlackElo "1448"]
[PlyCount "60"]
[EventDate "2014.04.12"]
[EventType "swiss"]
[EventRounds "9"]
[EventCountry "GER"]
[SourceTitle "EXT 2018"]
[Source "ChessBase"]
[SourceDate "2017.10.13"]
[SourceVersion "1"]
[SourceVersionDate "2017.10.13"]
[SourceQuality "1"]

1. e4 e5 2. Nf3 Nc6 3. Bc4 Nf6 4. d3 Be7 5. Nc3 d6 6. h3 Na5 7. Nd2 Nxc4 8. Nxc4 0-0 9. Be3 a6 10. a4 Be6 11. Nd2 Qd7 12. Nf3 c5 13. b3 b5 14. a5 b4 15. Na4 Bd8 16. Nb2 Bc7 17. Ng5 Rab8 18. Nxe6 fxe6 19. Ra2 Rb5 20. Qa1 Ra8 21. Nc4 d5 22. Nxe5 Bxe5 23. Qxe5 d4 24. Bf4 c4 25. Qc7 Qxc7 26. Bxc7 cxb3 27. cxb3 Rc5 28. Bf4 Rc3 29. 0-0 Rxd3 30. Rd2 Rxd2 1/2-1/2